000 00408nam a22001697a 4500
003 OSt
005 20230221032642.0
008 170510b xxu||||| |||| 00| 0 eng d
020 _a0880225548
040 _aMMU
_beng
_cMMU
_dMMU
050 _aZ52.5 .W65U85 1989
245 _aUsing Wordperfect 5.1
300 _axvi, 942 p.
500 _aIncludes index
650 _aWordperfect
942 _2lcc
_cLOAN LOAN
999 _c27557
_d27556